Estadísticas para Países en un Pez de JetPunk del Mapa Mundial

Haz click aquí para intentar la prueba.

Estadísticas generales

  • Esta prueba ha sido intentada 3.889 veces
  • La puntuación promedio es 30 de 34

Respuestas en el mapa

Las respuestas están codificadas por una escala verde-roja en el mapa de la prueba según el % correcto abajo.
 

Estadísticas de respuestas

País% Correcto
India
99%
Arabia Saudita
97%
Irán
97%
Egipto
96%
Irak
96%
Catar
95%
Omán
95%
Yemen
95%
China
94%
Emiratos Árabes Unidos
94%
Pakistán
94%
Sudán
93%
Somalia
92%
Afganistán
90%
Etiopía
90%
Nepal
90%
Sri Lanka
90%
Libia
89%
Eritrea
88%
Sudán del Sur
88%
Kuwait
87%
Vietnam
87%
Bangladés
86%
Bután
86%
Chad
86%
Jordania
86%
Laos
86%
Siria
86%
Tailandia
85%
Myanmar
84%
Turkmenistán
81%
Yibuti
80%
Baréin
78%
Maldivas
75%

Distribución de puntuación

Porcentaje por número respondido

Porcentaje de gente con cada puntuación

Historial de tus puntuaciones

No has intentado esta prueba.